00672nam a2200181Ia 4500008004100000020001500041082001800056100003600074245009800110250001700208260006100225300001800286504002600304650005700330650004100387650001700428700004500445120622s9999 xx 000 0 und d a9682462223 a004.35bT636c aTorres Jiménez, Joséeautor aConceptos de cómputo paraleloc / José Torres Jiménez, Eduardo Arturo Rodríguez Tello apreedición aMéxicob : Trillas b; ITESM, Universidad Virtualc,  a157 páginas aBibliografía (pp. )14aPROCESAMIENTO PARALELO (COMPUTADORES ELECTRÓNICOS)24aPROCESAMIENTO ELECTRÓNICO DE DATOS24aCOMPUTADORES aRodríguez Tello, Eduardo Arturoeautor